• 首页
  • 本馆介绍
  • 公告通知
  • 最新文献
  • 馆藏检索
  • 电子资源
  • 读者导购
  • 参考咨询
  • 我的图书馆
  • 登录
  • 详细信息显示
  • 放入我的书架
  • 预约/预借图书
  • 作者相关作品
  • 分类相关作品
  • 丛书相关作品
  • 出版社相关作品

书目信息

  • 表格格式
  • 工作单格式
  • 卡片格式
题名:
语言学概论
    
 
作者: 崔希亮 著
分册:  
出版信息: 北京   商务印书馆  2009
页数: 288页
开本: 23cm
丛书名:
单 册:
中图分类: H08
科图分类:
主题词: 语言学--yu yan xue--高等学校--教材 , 语言学--yu yan xue
电子资源:
ISBN: 978-7-100-05867-4
000 00898nam0 2200253 450
001 2161451134
005 20210930094221.0
010    @a978-7-100-05867-4@dCNY36.00
100    @a20100401d2009 em y0chiy0120 ea
101 0  @achi
102    @aCN@b110000
105    @aa z 000yy
106    @ar
200 1  @a语言学概论@Ayu yan xue gai lun@f崔希亮著
210    @a北京@c商务印书馆@d2009
215    @a288页@c图@d23cm
300    @a商务馆对外汉语专业本科系列教材/赵金铭、齐沪扬、范开泰、马箭飞总主编
330    @a本书除引论外,包括语言和语言学、语言与社会、语言与认知、语音、语法、语义、词汇、文字、语言的发展、语言的类型分类和谱系分类十章,系统地介绍了语言学的基本理论。
606 0  @a语言学@Ayu yan xue@x高等学校@j教材
606 0  @a语言学@Ayu yan xue
690    @aH08@v4
701  0 @a崔希亮@Acui xi liang@c(汉语教学)@4著
801  0 @aCN@b百万庄@c20210928
905    @b1302598-2601@dH08@e263@f4
    
    语言学概论/崔希亮著.-北京:商务印书馆,2009
    288页:图;23cm
    商务馆对外汉语专业本科系列教材/赵金铭、齐沪扬、范开泰、马箭飞总主编
    
    ISBN 978-7-100-05867-4:CNY36.00
    本书除引论外,包括语言和语言学、语言与社会、语言与认知、语音、语法、语义、词汇、文字、语言的发展、语言的类型分类和谱系分类十章,系统地介绍了语言学的基本理论。
●
相关链接 在E读中查询图书 在五车中查询图书 在当当中查询图书 在豆瓣中查询图书


正题名:语言学概论     索取号:H08/263         预约/预借

序号 登录号 条形码 馆藏地/架位号 状态 备注
1 1302598   213025983   第二样本阅览室/ [索取号:H08/263] 在馆    
2 1302599   213025992   第四借阅区/ [索取号:H08/263] 已借出,限还日期为2026.04.17
借出人:刘燕岚  
 
3 1302600   213026009   第四借阅区/ [索取号:H08/263] 在馆    
4 1302601   213026018   第四借阅区/ [索取号:H08/263] 在馆    
唐山师范学院图书馆 欢迎您!
大连网信软件有限公司© 版权所有